Music Quiz

Random Music or Lyrics Quiz
Score 0/279 Timer 10:00
0 Plays Today
Lyrics % Correct
I
93.7%
I
93.7%
I
93.7%
You
88.3%
you
88.3%
you
88.3%
you
88.3%
you
88.3%
you
88.3%
you
88.3%
You
88.3%
you
88.3%
You
88.3%
you
88.3%
you
88.3%
you
88.3%
you
88.3%
You
88.3%
You
88.3%
you
88.3%
you
88.3%
you
88.3%
you
88.3%
you
88.3%
you
88.3%
you
88.3%
you
88.3%
a
87.9%
a
87.9%
a
87.9%
A
87.9%
a
87.9%
a
87.9%
a
87.9%
a
87.9%
a
87.9%
a
87.9%
a
87.9%
the
81.1%
the
81.1%
me
77.2%
me
77.2%
an
76.7%
an
76.7%
your
73.8%
Your
73.8%
your
73.8%
your
73.8%
your
73.8%
your
73.8%
your
73.8%
your
73.8%
your
73.8%
it
73.3%
it
73.3%
it
73.3%
to
73.3%
to
73.3%
to
73.3%
do
72.3%
do
72.3%
What
71.4%
What
71.4%
go
71.4%
What
71.4%
What
71.4%
What
71.4%
What
71.4%
What
71.4%
And
71.4%
What
71.4%
What
71.4%
What
71.4%
What
71.4%
go
71.4%
and
71.4%
Go!
71.4%
And
71.4%
What
71.4%
What
71.4%
What
71.4%
What
71.4%
What
71.4%
What
71.4%
for!?
69.9%
for!?
69.9%
for
69.9%
for!?
69.9%
for!?
69.9%
for
69.9%
for!?
69.9%
for!?
69.9%
for? (x2)
69.9%
Lyrics % Correct
for? (x2)
69.9%
in
68.9%
in
68.9%
you're
68.9%
you're
68.9%
in
68.9%
you're
68.9%
You're
68.9%
You're
68.9%
it's
67.5%
it's
67.5%
waiting (x4)
67.5%
waiting
67.5%
waiting (x4)
67.5%
waiting
67.5%
it's
67.5%
waiting
67.5%
waiting (x4)
67.5%
waiting
67.5%
waiting (x4)
67.5%
waiting
67.5%
waiting
67.5%
waiting (x4)
67.5%
waiting
67.5%
waiting (x4)
67.5%
waiting
67.5%
waiting
67.5%
waiting
67.5%
Now
66.5%
now!
66.5%
now!
66.5%
all
66%
all
66%
all
66%
all
66%
time
65.5%
How
62.6%
how
62.6%
wait
62.6%
got
62.1%
got
62.1%
got
62.1%
is
61.7%
my
61.2%
if'
60.7%
they
60.7%
if
60.7%
Look
60.7%
at
60.7%
Look
60.7%
at
60.7%
by?
59.7%
by
59.7%
can't
59.2%
can't
59.2%
that
58.7%
so
58.3%
did
57.3%
Take
57.3%
Take
57.3%
Take
57.3%
Take
57.3%
amazing
56.8%
I'm
56.8%
be
56.8%
super
56.8%
super
56.8%
Tick
56.3%
Tick
56.3%
stupid
56.3%
of
56.3%
of
56.3%
stupid
56.3%
stupid
56.3%
know
55.8%
know
55.8%
know
55.8%
hot
55.8%
hot
55.8%
hot
55.8%
hot
55.8%
tock (x8)
55.3%
Like
55.3%
tock (x4)
55.3%
Like
55.3%
chance
54.9%
chance
54.9%
still
54.9%
female!
54.9%
still
54.9%
female!
54.9%
chance
54.9%
chance
54.9%
Lyrics % Correct
family
54.4%
Oh (x3)
54.4%
years
53.9%
are
53.9%
watch
53.9%
watch
53.9%
only
53.4%
life
53.4%
Life
53.4%
million
53.4%
dollar
53.4%
contract!
53.4%
million
53.4%
dollar
53.4%
contract!
53.4%
they're
52.9%
they're
52.9%
Who
52.4%
you've
52.4%
Girls
51.9%
track!
51.5%
track!
51.5%
'cause
51%
'cause
51%
'Cause
51%
Oh(x3)
51%
Why
49%
car
48.5%
could
48.5%
might
48.5%
one
48.1%
some
48.1%
say
45.6%
moving
45.1%
grow
44.7%
up
44.7%
style
44.7%
Back
44.2%
new
44.2%
scary
43.2%
really
43.2%
never
42.7%
heart
42.7%
place?
42.7%
short
42.7%
wicked
42.7%
capable
42.6%
stuck
42.2%
conversation
42.2%
Get
42.2%
break
41.7%
great
41.7%
standing
41.7%
Japan
41.7%
Harajuku
41.7%
cares
41.3%
find
40.8%
alone
40.8%
Tokyo
40.8%
eyes
40.3%
lots
40.3%
Damn
40.3%
brand
39.8%
yourself
39.3%
Naturally
38.8%
fans
37.9%
messed
37.4%
Shut
36.4%
chromosome
36.4%
society
36.4%
our
35.9%
sex
35.4%
cat
34.5%
worried
34.5%
thinks
34%
Osaka
33.5%
heat
32.5%
repeating
32.5%
Born
32%
bloom
31.6%
La (x7)
31.1%
blossom
31.1%
perish
30.6%
****
30.1%
****
30.1%
**** (x2)
29.6%
climber?
28.2%
out
28.2%
will
24.3%
pedal
22.3%
echo
21.4%
run
17.5%
moment
14.6%
Remove Ads.
Support Sporcle.
Get the best of Sporcle when you Go Orange. This ad-free experience offers more features, more stats, and more fun while also helping to support Sporcle. Thank you for becoming a member.

You're not logged in!

Compare scores with friends on all Sporcle quizzes.
OR
Log In

Show Comments

Extras

Created Sep 16, 2013ReportNominate
Tags:Lyrics Quiz, Gwen Stefani

Top Quizzes Today


Score Distribution

Your Account Isn't Verified!

In order to create a playlist on Sporcle, you need to verify the email address you used during registration. Go to your Sporcle Settings to finish the process.

Report this User

Report this user for behavior that violates our Community Guidelines.

Details: